000 00541nam a22002297a 4500
003 UA-OsUOA
001 69289
007 ta
008 20100615b un ||||| |||| 00| 0 ukr d
100 _aФіліна О.
700 _aБілюк Д.
090 _a908
_bФ68
942 _cSA
040 _aUA-OsUOA
_bukr
_cUA-OsUOA
_dUA-OsUOA
245 _a"Ostroh Academy Cup - 2010" відкрито!
300 _aС.1
955 _a0
041 _aukr
080 _a908
773 0 _w69288
650 7 _a908 Краєзнавство
_2UDC
999 _c355527
_d355527